000 00667nam a2200217Ia 4500
999 _c7139
_d7139
003 GBCCL
005 20241126110620.0
008 180711b ||||| |||| 00| 0 eng d
020 _a0830725083
040 _cGBC
082 _a268.432
_bPUL
100 _aPowell, Kara Eckmann
_911292
245 _aLife At School/
_cKara Eckmann Powell
260 _aUSA:
_bGospel Light,
_c2000.
300 _a94 p.;
_bill.,
_c28 cm.
440 _aPulse
_v7
_911293
490 _aGod's word for a jr. high world
490 _aLife Issues Track
650 _2Christian education of teenagers
_aChristian education - curricula
_vSpiritual life - Christianit
_912622
942 _2ddc
_cBK
_01